00230nam a2200085Ia 4500008004100000100001600041245004300057260003500100260000900135170620s9999 xx 000 0 und d aRuhela- S.P 0aTeachniques of Teaching Social Science bNew Delhi- Neelkamal Pvt. Ltd. c2010